Statistics for Top 50 Big Men Ever

Click here to take the quiz!

General Stats

  • This quiz has been taken 22 times
  • The average score is 30 of 50

Answer Stats

RankTeamsPlayer% Correct
2.BOSBill Russell
100%
7.MIN, BOS, BKNKevin Garnett
100%
4.ORL, LAL, MIA, PHO, CLE, BOSShaquille O'Neal
100%
11.DALDirk Nowitzki
95%
1.MIL, LALKareem Abdul-Jabbar
95%
10.UTA, LALKarl Malone
95%
8.BUF, HOU, PHI, WAS, ATL, MIL, SASMoses Malone
95%
6.SFW, PHI, LALWilt Chamberlain
95%
13.SASDavid Robinson
90%
9.MILGiannis Antetokounmpo
90%
5.HOU, TORHakeem Olajuwon
90%
3.SASTim Duncan
90%
22.NOP, LALAnthony Davis
85%
21.ORL, LAL, HOU, ATL, CHA, WAS, LAL, PHIDwight Howard
85%
18.NYK, SEA, ORLPatrick Ewing
85%
15.PHI, PHO, HOUCharles Barkley
80%
45.TOR, MIAChris Bosh
70%
40.DEN, ATL, PHI, NJN, NYK, HOUDikembe Mutombo
70%
16.DENNikola Jokic
70%
33.GSW, BOS, CHA, CHIRobert Parish
70%
23.POR, LAC, BOSBill Walton
65%
14.ATLBob Pettit
65%
25.PHIJoel Embiid
65%
32.WASWes Unseld
65%
12.MPLGeorge Mikan
60%
20.NYKWillis Reed
60%
41.WAS, ORL, DET, CHI, CLEBen Wallace
55%
26.BOS, MILDave Cowens
55%
28.MEM, LAL, CHI, SAS, MILPau Gasol
55%
37.SEA, CLE, POR, ORLShawn Kemp
55%
34.HOUYao Ming
55%
29.CHA, MIA, NJNAlonzo Mourning
50%
24.BUF, NYK, BOS, DET, NJN, LAL, PHIBob McAdoo
50%
35.GSW, CHI, CLENate Thurmond
50%
17.HOU, WASElvin Hayes
45%
27.BOSKevin McHale
45%
46.MIN, CLE, MIAKevin Love
40%
48.DEN, PHIBobby Jones
35%
36.DET, SAS, CHI, LAL, DALDennis Rodman
35%
19.SYRDolph Schayes
35%
42.POR, SAS, BKNLaMarcus Aldridge
35%
39.GSW, WAS, SAC, PHI, DETChris Webber
30%
38.DET, MILBob Lanier
25%
47.SAC, NOP, GSW, HOU, LAC, MIL, DENDeMarcus Cousins
20%
44.BOSTommy Heinsohn
20%
30.CIN, SFW, NYKJerry Lucas
15%
49.NYK, DETHarry Gallatin
10%
31.SFWNeil Johnston
10%
50.FTW, MPL, STLLarry Foust
0%
43.DEN, SEA, NYK, NOJ, LAL, WASSpencer Haywood
0%

Score Distribution

Percentile by Number Answered

Percent of People with Each Score

Your Score History

You have not taken this quiz